Moments "chauds" d'une guerre "froide" - Statistiques

Statistiques générales
  • Ce quiz a été pris 10 fois
  • Le résultat moyen est 4 sur 16
Statistiques - réponses
Évènements Date % Correct
Traité de Rome (année) 1957
80%
Ulbricht demande un mur (année) 1961
80%
Guerilla contre Batista (Raul, Fidel, Che Guevara) (année) 1956
60%
Tentative soulèvement par Castro contre Batista (année) 1952
40%
Accord commercial URSS-Cuba (année) 1960
40%
Opération "Bahia de Cochinos" (mois+année) Avril 1961
40%
Blocus naval USA autour de Cuba (jour+mois+année) 22 octobre 1962
30%
Avion USA découvre missiles soviétiques (jour+mois+année) 16 octobre 1962
20%
Construction mur de Berlin (jours+mois+année) 12-13 aout 1961
10%
Castro prend le pouvoir La Havane (jour+mois+année) 1er janvier 1959
10%
RFA, Konrad Adenauer (jour+mois+année) 23 mai 1949
10%
Résolution de la crise (jour+mois+année) 28 octobre 1962
10%
RDA, Walter Ulbricht (jour+mois+année) 7 octobre 1949
10%
Castro accueilli avec hostilité USA (mois+année) Avril 1959
0%
Marxisme-léninisme : ligne officielle de Cuba (mois+année) Décembre 1961
0%
Avion espion USA abattu (mois+année) mai 1960
0%
Aucun quiz correspondant
Distribution des résultats
% des personnes avec chaque résultat
Percentile par nombre de réponses
Votre historique - résultats
Vous n’avez pas pris ce quiz